Minecraft - Random Facts - Statistiken

Allgemein
  • Dieses Quiz wurde 151 mal gespielt
  • Das Durchschnittsergebnis liegt bei 9 aus 15
Antwortstatistiken
Frage Antwort % Korrekt
Wie viele Items passen maximal in einen Stack von Enderperlen? 16
91%
Was passiert, wenn ein Creeper von einem Blitz getroffen wird? Er wird zu einem Charged Creeper.
91%
Welcher Endboss droppt beim Besiegen einen Netherstern? Wither
91%
Wie viele Eisenbarren braucht man für die Herstellung eines Ambosses? 31
84%
Wie viele Slots hat ein Doppelkisten-Inventar? 54 Slots
80%
Wie viel Obsidian braucht man mindestens für ein Netherportal? 10
79%
Wie viele Minuten in Wirklichkeit dauert ein kompletter Tag-Nacht-Zyklus in Minecraft? 20 Minuten
65%
Wie viele Herzen hat ein Iron Golem? 100 HP = 50 Herzen
55%
Wie viele Level braucht man, um ein Buch vollständig zu verzaubern? (ohne Bücherregale) 30
52%
Wie viele Blöcke weit reicht ein Beacon auf maximaler Stufe? 50 Blöcke Radius
47%
Wie viel Schaden macht ein Zombie auf der Schwierigkeitsstufe Normal? 3 HP = 1,5 Herzen
36%
Wie viele Lebenspunkte/Herzen hat ein Silberfischchen? 8 HP = 4 Herzen
35%
Mit welcher Wahrscheinlichkeit spawnt eine Endermite, wenn man eine Enderperle wirft? 5%
32%
Welcher Mob hat die kleinste Hitbox im Spiel? Baby-Schildkröte
28%
Wie viele verschiedene Holzarten gibt es aktuell (Overworld + Nether)? 11
22%
Keine übereinstimmenden Quizze gefunden
Verteilung der Resultate
Anzahl Personen mit jedem Resultat
Perzentil nach korrekt beantworteten Fragen
Ihre Resultats-Entwicklung
Sie haben dieses Quiz noch nicht gespielt